书目信息 |
| 题名: |
新闻采访学
|
|
| 作者: | 蓝鸿文 编著 | |
| 分册: | ||
| 出版信息: | 北京 中国人民大学出版社 1984 |
|
| 页数: | 264页 | |
| 开本: | 21cm | |
| 丛书名: | ||
| 单 册: | ||
| 中图分类: | G212.1 | |
| 科图分类: | ||
| 主题词: | 新闻写作 | |
| 电子资源: | ||
| ISBN: | ||
| 000 | 00608nam0 2200229 45 | |
| 001 | 0184014083 | |
| 005 | 20041209145751.8 | |
| 010 | @dCNY0.95 | |
| 091 | @a7011.99 | |
| 100 | @a19950224d1984 em y0chiy0121 ea | |
| 101 | 0 | @achi |
| 102 | @aCN@b110000 | |
| 105 | @ay z 000yy | |
| 200 | 10 | @a新闻采访学@Axin wen cai fang xue@f蓝鸿文编著@FLan Hong Wen Bian Zhu |
| 210 | @a北京@c中国人民大学出版社@d1984 | |
| 215 | @a264页@d21cm | |
| 606 | @a新闻写作 | |
| 690 | @aG212.1@v3 | |
| 701 | 0 | @a蓝鸿文@4编著 |
| 801 | 0 | @aCN@b上海图书馆@c20041209 |
| 801 | 2 | @aCN@bNLC@c20041209 |
| 905 | @f1@b121974@dG212.1@e30 | |
| 新闻采访学/蓝鸿文编著.-北京:中国人民大学出版社,1984 |
| 264页;21cm |
| ISBN :CNY0.95 |
| ● |
| 相关链接 |
|
|
|
|
正题名:新闻采访学
索取号:G212.1/30
 
预约/预借
| 序号 | 登录号 | 条形码 | 馆藏地/架位号 | 状态 | 备注 |
| 1 | 0121974 | 000495155 | 密集书库/ [索取号:G212.1/30] | 在馆 |